=LDR 00000nam 2200000 4500 =001 INLIS000000000044914 =005 20201222105812 =035 ##$$a 0010-101300000002836 =008 201222################g##########0#ind## =041 ##$$a Ind =082 ##$$a 328 =090 ##$$a 328, Ind h =245 1#$$a Hasil seminar nasional Dewan Perwakilan Daerah Republik Indonesia dalam penguatan Demokrasi di indonesia tanggal 2 maret 2006 /$c DPD RI =260 ##$$a Jakarta :$b Sekjen DPD RI,$c 2006 =300 ##$$a ii, 183 hlm. ; $c 14,5x20,5 cm. =650 #4$$a Dewan Perwakilan Rakyat - DPD =850 ##$$a NBPNMAT =084 ##$$a 328 IND h =100 1#$$a Indonesia =990 ##$$a 31200430